Un marco para la toma de decisiones del líder (Registro nro. 10831)

Detalles MARC
000 -LEADER
fixed length control field 00406 a2200121 4500
001 - CONTROL NUMBER
control field ART_14710
005 - DATE AND TIME OF LATEST TRANSACTION
control field 20260410161613.0
008 - FIXED-LENGTH DATA ELEMENTS--GENERAL INFORMATION
fixed length control field 260409a
100 1# - MAIN ENTRY--PERSONAL NAME
Personal name Snowden, David J.
245 10 - TITLE STATEMENT
Title Un marco para la toma de decisiones del líder
700 1# - ADDED ENTRY--PERSONAL NAME
Personal name Boone, Mary E.
773 0# - HOST ITEM ENTRY
Title Harvard Business Review
Related parts Ideas clave de HBR para América Latina - Vol. 85, Nº 11 (nov. 2007)
Record control number REV340

No hay ítems disponibles.